000
00306nam a2200121Ia 4500
008
240624s9999 xx 000 0 und d
041
_a
eng
082
_a
658.4012 BRA
100
_a
BRANDENBURGER ADAM M
245
_a
RIGHT GAME
260
_c
2009
_a
Boston
_b
Harvard Business Press
300
_a
91.p : cm. ; 20
999
_c
22708
_d
22708